000 00308nam a22001217a 4500
999 _c161623
_d161623
082 _a
_b
100 _aNikunja Vihari Banerjee
245 _aGlimpses of Indian wisdom/
_cby Nikunja Vihari Banerjee.
260 _aNew Delhi:
_bMunshiram Manoharlal,
_c1972.
300 _a100p.
650 _a
942 _cBK